• 首页
  • 本馆介绍
  • 公告通知
  • 最新文献
  • 馆藏检索
  • 电子资源
  • 读者导购
  • 参考咨询
  • 我的图书馆
  • 登录
  • 详细信息显示
  • 放入我的书架
  • 预约/预借图书
  • 作者相关作品
  • 分类相关作品
  • 丛书相关作品
  • 出版社相关作品

书目信息

  • 表格格式
  • 工作单格式
  • 卡片格式
题名:
真空设计手册
    
 
作者: 《真空设计手册》编写组编
分册: 下册  
出版信息: 北京   国防工业出版社  1979
页数: 309页
开本: 26cm
丛书名:
单 册:
中图分类: TB7
科图分类:
主题词: 真空--设计 , 真空技术
电子资源:
ISBN:
000 00571nam0 2200229 45 980
001 0639275904
005 20060808170056.43
010    @dCNY2.10
091    @a15034.1639
100    @a19980311d1979 k y0chiy0121 ea
101 0  @achi
102    @aCN@b110000
105    @ay z 000yy
106    @ar
200 10 @a真空设计手册@f《真空设计手册》编写组编@h下册@Azhen kong she ji shou ce
210    @a北京@c国防工业出版社@d1979
215    @a309页@d26cm
606    @a真空@x设计
606 0  @a真空技术
690    @aTB7@v3
801 0  @c20060808
905    @a10447@dTB7@e120
    
    真空设计手册/《真空设计手册》编写组编.下册.-北京:国防工业出版社,1979
    309页;26cm
    
    
    ISBN :CNY2.10
    
●
相关链接 在E读中查询图书 在五车中查询图书 在当当中查询图书 在豆瓣中查询图书


正题名:真空设计手册     索取号:TB7/120         预约/预借

序号 登录号 条形码 馆藏地/架位号 状态 备注
1 0451548   204515480   密集书库/ [索取号:TB7/120] 在馆    
唐山师范学院图书馆 欢迎您!
大连网信软件有限公司© 版权所有